000 00481nam a22001697a 4500
003 OSt
005 20140311134815.0
008 130530t xxu||||| |||| 00| 0 eng d
020 _a9710861697
050 _aQA 538
_b.N758 2001
082 _aFIL 516.24
_bT73 2001
245 _aTrigonometry:
_bCalculator-Based With Applications
_cNocon, Ferdinand P.
260 _aPasig City
_bCapitol Publishing House Inc.
_cC2001
300 _a293 p.
942 _2lcc
_cBK
_kFIL
999 _c35897
_d35897